Search Results
Showing Item 1 of 6
Physical Management for Neurological Condition : Third Edition
Available copies
- 9 of 9 copies available at Headquarters.
Current holds
0 current holds with 9 total copies.
| Location | Call Number / Copy Notes | Barcode | Shelving Location | Status | Due Date |
|---|---|---|---|---|---|
| Accra Central Library | 201 616.804/STO | 000000757461 | 600 - Technology-How things are made, Human Body, Health & Disease, Pets, Farms, Cars, Cooking - LEND | Available | - |
| Accra Central Library | 201 616.804/STO | 000000765497 | 600 - Technology-How things are made, Human Body, Health & Disease, Pets, Farms, Cars, Cooking - REF | Available | - |
| Dansoman Library | 201 616.804/STO | 000000798310 | 600 - Technology-How things are made, Human Body, Health & Disease, Pets, Farms, Cars, Cooking | Available | - |
| Dodowa Library | 201 616.804/STO | 000000765473 | 600 - Technology-How things are made, Human Body, Health & Disease, Pets, Farms, Cars, Cooking | Available | - |
| Frafraha Library | 201 616.804/STO | 000000757485 | 600 - Technology-How things are made, Human Body, Health & Disease, Pets, Farms, Cars, Cooking | Available | - |
| Frafraha Library | 201 616.804/STO | 000000757492 | 600 - Technology-How things are made, Human Body, Health & Disease, Pets, Farms, Cars, Cooking | Available | - |
| Tema Library | 201 616.804/STO | 000000765480 | 600 - Technology-How things are made, Human Body, Health & Disease, Pets, Farms, Cars, Cooking | Available | - |
| Teshie Library | 201 616.804/STO | 000000790680 | 600 - Technology-How things are made, Human Body, Health & Disease, Pets, Farms, Cars, Cooking | Available | - |
| The George Padmore Research Library | 201 616.804/STO | 000000757478 | 600 - Technology-How things are made, Human Body, Health & Disease, Pets, Farms, Cars, Cooking | Available | - |
Record details
- ISBN: 9780702054693
- Physical Description: Paperback
- Edition: Third Edition
- Publisher: London Elsevier Health Sciences 2017
Search for related items by subject
| Subject: | Nervous System |
| LDR | 00620cam a2200205Ka 4500 | ||
|---|---|---|---|
| 001 | 62697 | ||
| 003 | HQ | ||
| 005 | 20200908111121.0 | ||
| 008 | 070101s xxka era 0 eng d | ||
| 020 | . | ‡a9780702054693 | |
| 037 | . | ‡aBook Aid | |
| 082 | . | ‡a616.804/STO | |
| 100 | . | ‡aMaria Stokes | |
| 245 | . | ‡aPhysical Management for Neurological Condition : Third Edition | |
| 250 | . | ‡aThird Edition | |
| 260 | . | ‡aLondon ‡bElsevier Health Sciences ‡c2017 | |
| 300 | . | ‡aPaperback | |
| 650 | . | ‡aNervous System | |
| 901 | . | ‡a62697 ‡bAUTOGEN ‡c62697 ‡tbiblio | |
Search Results
Showing Item 1 of 6

Add to basket
Permalink
Disable Highlighting